Countries of Asia without a map - Statistics

General Stats
  • This quiz has been taken 559 times
    543 since last reset
  • The average score is 39 of 49
Answer Stats
Hint Answer % Correct
Country China
93%
Country India
91%
Country Japan
86%
Country Afghanistan
85%
Country North Korea
85%
Country Pakistan
85%
Country South Korea
85%
Country Indonesia
84%
Country Israel
84%
Country Kazakhstan
84%
Country Mongolia
84%
Country Russia
84%
Country Iran
83%
Country Laos
83%
Country Iraq
82%
Country Oman
82%
Country Thailand
82%
Country Nepal
81%
Country Bhutan
80%
Country Malaysia
80%
Country Saudi Arabia
80%
Country Vietnam
80%
Country Yemen
80%
Country Syria
79%
Country Turkmenistan
79%
Country Uzbekistan
79%
Country Kyrgyzstan
78%
Country Singapore
78%
Country Turkey
78%
Country United Arab Emirates
78%
Country Armenia
77%
Country Azerbaijan
77%
Country Bangladesh
77%
Country Cambodia
77%
Country Lebanon
77%
Country Qatar
77%
Country Tajikistan
77%
Country Georgia
76%
Country Jordan
76%
Country Bahrain
75%
Country Brunei
75%
Country Sri Lanka
75%
Country Kuwait
74%
Country Myanmar
74%
Country Taiwan
73%
Country Philippines
72%
Country East Timor/ Timor Leste
69%
Country Maldives
68%
Country Cyprus
52%
No matching quizzes found
Score Distribution
Percent of People with Each Score
Percentile by Number Answered
Your Score History
You have not taken this quiz since the last reset